Taylor Swift - Paroles You're On Your Own, Kid - Statistiques

Statistiques générales
  • Ce quiz a été pris 793 fois
  • Le résultat moyen est 238 sur 298
Statistiques - réponses
Hint Réponse % Correct
a
99%
I
97%
the
97%
The
97%
you
96%
You
96%
be
95%
your
95%
kid
94%
on
94%
own,
94%
by
93%
friends
93%
it
93%
You're
93%
have
92%
to
92%
always
91%
away
91%
been
91%
my
91%
My
91%
and
90%
And
90%
So
90%
Bridge | Pré-refrain From
89%
from
89%
he
89%
no
89%
take
89%
Take
89%
make
87%
we're
87%
were
87%
as
86%
me
86%
this
86%
in
85%
friendship
84%
of
84%
body
83%
bracelets
83%
party
83%
Couplet 1 Summer
83%
ashes
82%
can
82%
there
82%
with
82%
best
81%
face
81%
fireplace
81%
don't
80%
home
80%
know
80%
moment
80%
say
80%
what
80%
for
79%
money
79%
blood,
78%
blood
78%
funny,
78%
perfect
78%
afraid
77%
jokes
77%
reason
77%
Still,
77%
took
77%
got
76%
play
76%
splashes
76%
tears
76%
It's
75%
it's
75%
kiss
75%
not
75%
saved
75%
Something
75%
something
75%
starved
75%
they
75%
weren't
75%
can't
73%
cool
73%
dream
73%
gave
73%
just
73%
Just
73%
sweat,
73%
taste
73%
them
73%
went
73%
Like
72%
stay
72%
He's
71%
hosted
71%
is
71%
wait
71%
around
70%
bridges
70%
looked
70%
okay,
70%
pages
70%
parties
70%
saw
70%
burned
69%
see
69%
gonna
68%
hear
68%
notice
68%
step
68%
that
68%
Yeah,
68%
boys
67%
days
67%
I'd
67%
You've
67%
'Cause
66%
voice
66%
run
65%
smoking
65%
turned
65%
All
64%
Everything
64%
sprinkler
64%
who
64%
lose
63%
out
63%
patiently
63%
better
62%
getting
62%
learn
62%
phone
62%
touch
62%
Anyway
61%
never
61%
could
60%
aren't
59%
Daisy
59%
didn't
59%
dreams
59%
one
59%
search
59%
town
59%
bodies
58%
if
58%
long,
58%
May
58%
parking
58%
cared
57%
great
57%
rare
57%
choose
56%
escape
56%
gown
56%
yearning
56%
lot
55%
loves
55%
soaked
55%
taxi
55%
There's
55%
room
54%
songs
54%
different
52%
I'll
48%
stays
47%
called
46%
petals,
44%
picked
44%
waited
44%
ages
42%
bloomed
38%
Writing
35%
Aucun quiz correspondant
Distribution des résultats
% des personnes avec chaque résultat
Percentile par nombre de réponses
Votre historique - résultats
Vous n’avez pas pris ce quiz